Técnica del psicodiagnóstico de Rorschach: método proyectivo para el diagnóstico de la personalidad

Uloženo v:
Podrobná bibliografie
Hlavní autoři: Klopfer, Bruno (Autor), Kelly, Douglas (Autor)
Médium: Kniha
Jazyk:španělština
Vydáno: Ciudad de México Paidos 1991
Edice:Biblioteca de psicometría y psidiagnóstico. Serie Mayor, 6
Témata:
Tagy: Přidat tag
Žádné tagy, Buďte první, kdo vytvoří štítek k tomuto záznamu!

MARC

LEADER 00000nam a2200000 a 4500
001 UCW7606
003 CL-VaPUC
008 930518e19910000MX |||||||||||||||||spa|d
082 0 4 |a 155.2842  |b KLO  |2 21 
100 |a Klopfer, Bruno  |e author  |9 383070 
700 0 |a Kelly, Douglas  |e author  |9 312809 
245 1 0 |a Técnica del psicodiagnóstico de Rorschach: método proyectivo para el diagnóstico de la personalidad 
300 |a 349 p 
942 |c BK 
945 |d 19930518 00:00:00 
260 |a Ciudad de México  |b Paidos  |c 1991 
650 0 |a Test de Rorschach  |9 310418 
650 0 |a Psicodiágnóstico  |9 312779 
583 |a last modification  |c 19930518 00:00:00  |k Rodrigo Vera 
490 0 |a Biblioteca de psicometría y psidiagnóstico. Serie Mayor, 6 
999 |c 220316  |d 220314 
952 |0 0  |1 0  |4 0  |6 155_284200000000000_KLO_1991  |7 0  |8 A  |9 212341  |a BIBEDU  |b BIBEDU  |d 2019-11-15  |i 2805758  |o 155.2842 KLO 1991  |p 2805758  |r 2019-11-15  |w 2019-11-15  |y BK  |k EDU